Science Quiz

Random Science or Anatomy Quiz
Score 0/15 Timer 03:00
1 Play Today
Hint Answer % Correct
phalanges (finger bones)
91.1%
femur (thigh bone)
74%
sternum (breastbone)
68.7%
tibia (shinbone)
65%
lumbar vertebra
59.6%
scapula (shoulderblade)
58.7%
radius
57.7%
ulna (elbow bone)
55.9%
Hint Answer % Correct
sacrum
55.6%
humerus
52%
pelvis
46.9%
hyoid (lingual bone)
41.7%
mandible (lower jaw)
34.6%
frontal bone
28.1%
occipital bone
24.2%
Remove Ads.
Support Sporcle.
Get the best of Sporcle when you Go Orange. This ad-free experience offers more features, more stats, and more fun while also helping to support Sporcle. Thank you for becoming a member.

You're not logged in!

Compare scores with friends on all Sporcle quizzes.
OR
Log In

Sporcle TV

Today on Sporcle TV


Watch our educational content, quiz creation guides, and fun videos on Sporcle TV.

Show Comments

Extras

Top Quizzes Today


Score Distribution

Paid Content

Your Account Isn't Verified!

In order to create a playlist on Sporcle, you need to verify the email address you used during registration. Go to your Sporcle Settings to finish the process.

Report this User

Report this user for behavior that violates our Community Guidelines.

Details: